Classic Doctor Who Episodes Quiz Stats

 Plays Quiz not verified by Sporcle

Score 0/156 Timer 20:00
0 Plays Today
Shada Not Included % Correct
1:2The Daleks
96.7%
1:1An Unearthly Child
96%
4:2The Tenth Planet
91.3%
20th Anniversary SpecialThe Five Doctors
90.2%
1:4Marco Polo
89.8%
6:3The Invasion
89.8%
10:1The Three Doctors
89.6%
2:2The Dalek Invasion of Earth
89.4%
7:1Spearhead from Space
89%
11:5Planet of the Spiders
89%
6:7The War Games
88.8%
12:1Robot
88.8%
12:4Genesis of the Daleks
88.8%
3:6The Ark
88.5%
5:1The Tomb of the Cybermen
88.3%
1:3The Edge of Destruction
87.7%
1:6The Aztecs
87.7%
4:3The Power of the Daleks
87.1%
8:1Terror of the Autons
87.1%
18:7Logopolis
87.1%
22:4The Two Doctors
87.1%
2:8The Chase
86.7%
2:4The Romans
86.3%
3:4The Daleks Master Plan
85.4%
7:4Inferno
85%
12:2The Ark In Space
84.8%
12:5Revenge of the Cybermen
84.8%
19:1Castrovalva
84.2%
1:5The Keys of Marinus
83.8%
9:1Day of the Daleks
83.8%
10:5The Green Death
83.8%
21:6The Caves of Androzani
83.8%
4:4The Highlanders
83.5%
3:10The War Machines
83.1%
5:5The Web of Fear
83.1%
7:2Doctor Who and the Silurians
83.1%
11:1The Time Warrior
83.1%
4:9The Evil of the Daleks
82.9%
13:1Terror of the Zygons
82.9%
23The Trial of a Time Lord
82.7%
26:4Survival
82.7%
10:4Planet of the Daleks
82.3%
19:6Earthshock
82.1%
14:2The Hand of Fear
81.9%
21:4Resurrection of the Daleks
81.9%
24:1Time and the Rani
81.9%
2:1Planet of Giants
81.7%
22:3The Mark of the Rani
81.7%
25:1Remembrance of the Daleks
81.7%
4:6The Moonbase
81.5%
6:5The Seeds of Death
81.5%
11:3Death to the Daleks
81.5%
Shada Not Included % Correct
9:2The Curse of Peladon
81.3%
1:7The Sensorites
80.8%
8:5The Daemons
80.8%
2:9The Time Meddler
80.6%
11:4The Monster of Peladon
80.6%
14:6The Talons of Weng-Chiang
80.6%
3:8The Gunfighters
80.4%
22:1Attack of the Cybermen
80.4%
4:5The Underwater Menace
80%
13:6The Seeds of Doom
80%
11:2Invasion of the Dinosaurs
79.8%
14:3The Deadly Assassin
79.8%
14:4The Face of Evil
79.8%
2:5The Web Planet
79.6%
18:6The Keeper of Traken
79.6%
17:1Destiny of the Daleks
79.4%
5:3The Ice Warriors
79.2%
5:7The Wheel In Space
79.2%
9:3The Sea Devils
79.2%
14:5The Robots of Death
79.2%
17:2City of Death
79.2%
22:6Revelation of the Daleks
79%
12:3The Sontaran Experiment
78.8%
5:4The Enemy of the World
78.5%
13:3Pyramids of Mars
78.5%
21:7The Twin Dilemma
78.5%
2:7The Space Museum
78.3%
3:1Galaxy 4
78.3%
19:3Kinda
78.3%
25:4The Greatest Show In The Galaxy
78.3%
3:5The Massacre
77.9%
15:1Horror of Fang Rock
77.9%
16:2The Pirate Planet
77.3%
16:4The Androids of Tara
77.3%
5:2The Abominable Snowmen
77.1%
15:6The Invasion of Time
77.1%
6:4The Krotons
76.9%
22:2Vengeance on Varos
76.9%
2:3The Rescue
76%
26:3The Curse of Fenric
76%
1:8The Reign of Terror
75.8%
19:5Black Orchid
75.8%
6:6The Space Pirates
75.6%
10:2Carnival of Monsters
75.6%
25:3Silver Nemesis
75.4%
6:1The Dominators
75%
24:2Paradise Towers
75%
7:3The Ambassadors of Death
74.6%
2:6The Crusade
74.4%
4:7The Macra Terror
74.4%
4:8The Faceless Ones
74.2%
3:7The Celestial Toymaker
73.8%
Shada Not Included % Correct
6:2The Mind Robber
73.8%
16:1The Ribos Operation
73.8%
25:2The Happiness Patrol
73.8%
13:2Planet of Evil
73.5%
15:4The Sun Makers
73.5%
16:5The Power of Kroll
73.5%
4:1The Smugglers
73.3%
21:5Planet of Fire
73.1%
8:4Colony In Space
72.9%
13:5The Brain of Morbius
72.7%
13:4The Android Invasion
72.5%
9:5The Time Monster
72.3%
18:1The Leisure Hive
72.1%
18:5Warriors Gate
72.1%
8:2The Mind of Evil
71.9%
16:3The Stones of Blood
71.9%
10:3Frontier In Space
71.7%
20:2Snakedance
71.7%
5:6Fury from the Deep
71.3%
14:1The Masque of Mandragora
71.3%
3:9The Savages
71%
26:2Ghost Light
71%
18:2Meglos
70.8%
20:6The Kings Demons
70.8%
24:4Dragonfire
70.8%
20:1Arc of Infinity
70%
24:3Delta and the Bannermen
70%
19:7Time-Flight
69.6%
3:2Mission to the Unknown
69.4%
3:3The Myth Makers
69.4%
18:3Full Circle
69%
90 Minute SpecialThe Movie
69%
20:3Mawdryn Undead
68.8%
8:3The Claws of Axos
68.5%
21:1Warriors of the Deep
68.5%
22:5Timelash
68.3%
16:6The Armageddon Factor
68.1%
17:5The Horns of Nimon
67.9%
20:4Terminus
67.7%
26:1Battlefield
67.7%
9:4The Mutants
67.5%
17:3The Creature From The Pit
67.5%
15:3Image of the Fendahl
66.5%
20:5Enlightenment
65.8%
21:3Frontios
65.6%
19:2Four to Doomsday
65.4%
19:4The Visitation
65.4%
18:4State of Decay
65%
15:2The Invisible Enemy
64.6%
15:5Underworld
59.8%
21:2The Awakening
59.4%
17:4The Nightmare of Eden
55.4%

You're not logged in!

Compare scores with friends on all Sporcle quizzes.
OR
Log In

Show Comments

Extras

Top Quizzes Today


Score Distribution

Your Account Isn't Verified!

In order to create a playlist on Sporcle, you need to verify the email address you used during registration. Go to your Sporcle Settings to finish the process.

Report this User

Report this user for behavior that violates our Community Guidelines.

Details: